000
00276nam a2200109Ia 4500
008
220204s9999 xx 000 0 und d
082
_a
304
_b
HEA
100
_a
Headey, B
245
0
_a
Housing policy in the developed economy
260
_a
London
_b
Croom Helm
_c
1978
942
_c
BK
999
_c
30458
_d
30458